Построение интеллектуальных диагностических систем в медицинских приложениях; Информационные технологии; № 7

Bibliographic Details
Parent link:Информационные технологии: теоретический и прикладной научно-технический журнал.— , 2000-
№ 7.— 2003.— С. 55-58
Main Author: Гридин В. Н.
Other Authors: Тарасова О. Б.
Language:Russian
Published: 2003
Series:Информационные технологии в медицине
Subjects:
Format: MixedMaterials Book Chapter
KOHA link:https://koha.lib.tpu.ru/cgi-bin/koha/opac-detail.pl?biblionumber=388311

MARC

LEADER 00000naa2a2200000 4500
001 388311
005 20231101063728.0
035 |a (RuTPU)RU\TPU\prd\19369 
090 |a 388311 
100 |a 20031110a2003 k y0rusy50 ca 
101 0 |a rus 
102 |a RU 
200 1 |a Построение интеллектуальных диагностических систем в медицинских приложениях  |f В. Н. Гридин, О. Б. Тарасова 
225 1 |a Информационные технологии в медицине 
320 |a Библиогр.: 3 назв. 
461 1 |0 (RuTPU)RU\TPU\prd\1520  |t Информационные технологии  |o теоретический и прикладной научно-технический журнал  |d 2000- 
463 1 |0 (RuTPU)RU\TPU\prd\16972  |t № 7  |v С. 55-58  |d 2003 
610 1 |a диагностические системы 
610 1 |a интеллектуальные системы 
610 1 |a медицинские приложения 
675 |a 519.68  |v 3 
700 1 |a Гридин  |b В. Н. 
701 1 |a Тарасова  |b О. Б. 
801 1 |a RU  |b 63413507  |c 20031110  |g PSBO 
801 2 |a RU  |b 63413507  |c 20130507  |g RCR 
942 |c BK